000 00209nam a22000857a 4500
008 170116b xxu||||| |||| 00| 0 eng d
100 _92443
_aBailey.R.
245 _aPhysics Education
260 _aNew Delhi
_bSET
_c2010
999 _c5489
_d5489